| 000 | 00652nam a2200181 i 4500 | ||
|---|---|---|---|
| 001 | 20876 | ||
| 003 | ES-MaACL | ||
| 005 | 20241001114948.0 | ||
| 007 | t| | ||
| 008 | 021119s1965 sp ||||1| spa d | ||
| 245 | 0 | 0 | _aActo solemne de entrega de la medalla de oro de la provincia de Cáceres a... Jesús Romeo Gorría... en el que nació la Universidad Laboral Hispano-americana. |
| 260 |
_aCáceres : _bDiputacion Provincial, _c1965. |
||
| 300 |
_a35 p., 8 lám, 1 lám pleg. ; _c22 cm. |
||
| 710 | 1 |
_aCáceres (Provincia). _bDiputación _9238999 |
|
| 852 |
_aES-MaACL _jC-29970 _bR.58220 |
||
| 942 | _2udc | ||
| 999 |
_c20876 _d20876 |
||